| 000 | 00454nam a22001697a 4500 | ||
|---|---|---|---|
| 008 | 240314b |||||||| |||| 00| 0 eng d | ||
| 020 | _a978815960473 | ||
| 041 | _aEng. | ||
| 082 | _a371.3/W155s | ||
| 100 | _aWallace, Michael J. | ||
| 245 |
_aStudy skills in english _c/Wallace, Michael J. |
||
| 250 | _a2nd ed. | ||
| 260 |
_aCambridge: _bCambridge University press, _c1999 |
||
| 300 | _a218p.:ill. | ||
| 650 | _aStudy skills | ||
| 942 |
_2ddc _cGEN |
||
| 999 |
_c112472 _d112460 |
||